| 000 | 00534nam a22001817a 4500 | ||
|---|---|---|---|
| 005 | 20250225075027.0 | ||
| 008 | 250225b |||||||| |||| 00| 0 eng d | ||
| 020 | _a9781485108252 | ||
| 041 | _aEnglish | ||
| 082 | _a347 ERA | ||
| 100 | _lEnglish | ||
| 245 |
_aErasmus Superior Court Practice / _cDE van Loggerenberg |
||
| 250 | _aThird Edition | ||
| 260 |
_aCape Town: _bJuta and Company Ltd, _c2023 |
||
| 300 |
_bvii, 395 pages; _c25 cm. |
||
| 650 |
_aLegal practice _bLaw |
||
| 942 |
_cBK _6ALISON_BN_VRIES |
||
| 999 |
_c3294 _d3294 |
||